| 000 | 00624nam a2200265Ia 4500 | ||
|---|---|---|---|
| 008 | 210210b2013 xxu||||| |||| 00| 0 eng d | ||
| 020 | _a9788129123770 | ||
| 041 | _aeng | ||
| 082 | _a428 JOHE | ||
| 100 | _aJOHN (Binoo K) | ||
| 245 | _aEntry from backside only: hazaar fundas of Indian English | ||
| 260 |
_aNew Delhi _bRupa Publications India _c2013 |
||
| 300 | _axi,217 | ||
| 650 | _aonly: | ||
| 650 | _aof | ||
| 650 | _aIndian | ||
| 650 | _ahazaar | ||
| 650 | _afundas | ||
| 650 | _afrom | ||
| 650 | _aEntry | ||
| 650 | _aEnglish | ||
| 650 | _abackside | ||
| 690 | _aEnglish Usage | ||
| 906 | _a068489 | ||
| 999 |
_c152797 _d152797 |
||